| 000 | 00413nam a22001697a 4500 | ||
|---|---|---|---|
| 005 | 20160627145354.0 | ||
| 008 | 160627b xxu||||| |||| 00| 0 eng d | ||
| 020 | _a81-7022-684-8 | ||
| 041 | _aeng | ||
| 082 | _b10498 | ||
| 100 |
_aBharathi, K.S. _92955 |
||
| 245 | _aEncyclopaedia of Eminent Thinkers | ||
| 260 |
_bConcept Publishing Co _c1998 |
||
| 300 | _a102 | ||
| 650 |
_aEncyclopaedia _92956 |
||
| 942 | _cBK | ||
| 999 |
_c4270 _d4269 |
||